000 00370nam a22001217a 4500
008 230703b xxu||||| |||| 00| 0 eng d
082 _a342.16
_bIPU 1993
245 _aConstitutional and Parliamentary Information ASGP
_bAssociation of Secretaries General of Parliaments
260 _bInter-Parliamentary Union
_c1993
300 _a98p
440 _n165
942 _2ddc
_cBK
999 _c3418
_d3418